MARC details
| 000 -LEADER |
| campo de control de longitud fija |
05292nam a2200409 i 4500 |
| 001 - NÚMERO DE CONTROL |
| campo de control |
193405 |
| 003 - IDENTIFICADOR DE NÚMERO DE CONTROL |
| campo de control |
ES-MaACL |
| 005 - FECHA Y HORA DE LA ÚLTIMA TRANSACCIÓN |
| campo de control |
20250709184548.0 |
| 006 - CÓDIGOS DE INFORMACIÓN DE LONGITUD FIJA--CARACTERÍSTICAS DEL MATERIAL ADICIONAL |
| campo de control de longitud fija |
193405 |
| 007 - CAMPO FIJO DE DESCRIPCIÓN FÍSICA--INFORMACIÓN GENERAL |
| campo de control de longitud fija |
ta |
| 008 - DATOS DE LONGITUD FIJA--INFORMACIÓN GENERAL |
| campo de control de longitud fija |
231121t2023 sp ado frn 000 0 spa c |
| 020 ## - NÚMERO INTERNACIONAL ESTÁNDAR DEL LIBRO |
| Número Internacional Estándar del Libro |
9788491107064 |
| 035 ## - NÚMERO DE CONTROL DEL SISTEMA |
| Número de control de sistema |
Rebiun32682155 |
| 040 ## - FUENTE DE CATALOGACIÓN |
| Centro catalogador/agencia de origen |
UMA.PL |
| Lengua de catalogación |
spa |
| Centro/agencia transcriptor |
ES-MaACL |
| 080 ## - NÚMERO DE LA CLASIFICACIÓN DECIMAL UNIVERSAL |
| Identificador de la edición |
616.89-008.441.33(460) |
| 245 00 - MENCIÓN DEL TÍTULO |
| Título |
Drogodependencias / |
| Mención de responsabilidad, etc. |
María Isabel Colado Megía, Magí Farré Albaladejo, Juan Carlos Leza Cerro, Ignacio Lizasoain Hernández. [Directores] ; [Autores: Aleixandre Benavent, Rafael, Alguacil Merino, Luis Fernando ...(et al.)] |
| 250 ## - MENCION DE EDICION |
| Mención de edición |
4a ed. |
| 260 ## - PUBLICACIÓN, DISTRIBUCIÓN, ETC. |
| Lugar de publicación, distribución, etc. |
Buenos Aires [etc.] : |
| Nombre del editor, distribuidor, etc. |
Editorial Médica Panamericana, |
| Fecha de publicación, distribución, etc. |
2023 |
| 300 ## - DESCRIPCIÓN FÍSICA |
| Extensión |
413 pág. |
| Dimensiones |
28 cm |
| Material acompañante/anejo |
Incluye versión digital con un "rasca" para obtener el código |
| 336 ## - TIPO DE CONTENIDO |
| Fuente |
rdacontent |
| Término de tipo de contenido |
Texto |
| 337 ## - TIPO DE MEDIO |
| Fuente |
rdamedia |
| Nombre/término del tipo de medio |
sin mediación |
| 338 ## - TIPO DE SOPORTE |
| Fuente |
rdacarrier |
| Nombre/término del tipo de soporte |
volumen |
| 500 ## - NOTA GENERAL |
| Nota general |
Catalogación provisional. Signatura: N 8774. Depósito J. |
| 505 ## - NOTA DE CONTENIDO CON FORMATO |
| Nota de contenido con formato |
Sección I Introducción.1 Conceptos fundamentales en drogodependencias. 2 Factores biopsicosociales del consumo de drogas. 3 Mecanismos neuroquímicos de las drogodependencias. 4 Enfoque psicológico de las drogodependencias. Etiología y diagnóstico. Diversos abordajes terapéuticos. 5 Situación actual del consumo de sustancias psicoactivas y sus consecuenciasSección II Tabaco y nicotina. 6 Dependencia tabáquica. Acciones farmacológicas. Síndrome de abstinencia y tolerancia. Tratamiento de la dependencia. 7 Complicaciones orgánicas del consumo de tabaco. 8 Complicaciones psiquiátricas del consumo de tabaco. 9 Tabaco de segunda, tercera y cuarta mano. Tabaco sin humoSección III Alcohol. 10 Farmacología del alcohol e intoxicación aguda.11 Complicaciones médicas del consumo excesivo de alcohol. 12 Complicaciones neuropsiquiátricas de los trastornos por uso de alcohol. 13 Diagnóstico y tratamiento del alcoholismo. Sección IV Cannabis. 14 Bioquímica, farmacología y usos terapéuticos del cannabis.15 Trastornos relacionados con el consumo de cannabis. 16 Complicaciones orgánicas y psiquiátricas relacionadas con el consumo de cannabis. Sección V Cocaína. 17 Farmacología de la cocaína. 18 Trastorno por consumo de cocaína: intoxicación y tratamiento. 19 Complicaciones orgánicas y psiquiátricas del consumo de cocaína. Sección VI Anfetaminas. Drogas de diseño. 20 Anfetaminas. 21 Drogas de diseño: MDMA. Sección VII Alucinógenos, sustancias volátiles y otros estimulantes. 22 Alucinógenos y disociativos. 23 Sustancias volátiles psicoactivas o inhalables. 24 Nuevas sustancias psicoactivas. 25 Xantinas: cafeína y otras metilxantinas. Khat. Sección VIII Opiáceos y benzodiacepinas. 26 Farmacología de los opiáceos. 27 Trastornos relacionados con el consumo de opiáceos. 28 Complicaciones médicas y comorbilidades psiquiátricas relacionadas con el consumo de opiáceos. 29 Benzodiacepinas y otros hipnóticos Sección IX Patología psiquiátrica. 30 Patología dual. 31 Adicciones sin sustancia. Sección X Otros aspectos de las dependencias. 32 Drogas y embarazo. 33 Esteroides anabolizantes. Otros compuestos utilizados como doping Sección XI La comunidad internacional y la respuesta de la sociedad. 34 Las drogas y la comunidad internacional: el papel de Naciones Unidas. 35 Fuentes de información sobre drogodependencias |
| 520 ## - RESUMEN, ETC. |
| Sumario, etc. |
La cuarta edición de esta obra, libro de texto esencial para el conocimiento de las drogodependencias, aborda estas patologías desde una perspectiva multidisciplinar y repasa las novedades terapéuticas en los problemas médicos derivados del uso de sustancias que producen adicción. Desde la primera edición, han aparecido nuevas sustancias, nuevas formas de consumo, pero también cambios de actitud en la sociedad sobre la percepción del riesgo del consumo, especialmente en los jóvenes. Hemos asistido desde el casi abandono del uso de algunas drogas a su reintroducción mediante otras formas de consumo. Drogodependencias va dirigido especialmente a estudiantes de Medicina, ciencias biomédicas en general, como la Enfermería, la Fisioterapia y la Farmacia, Psicología y Terapia Ocupacional. Además, será de gran interés para estudiantes de Máster o Posgrados relacionados con las conductas adictivas, especialistas que trabajan en el campo de las drogodependencias, trabajadores sociales, y médicos y psicólogos de Atención Primaria al ser estos últimos los primeros en detectar los signos y síntomas asociados al consumo de sustancias o a las adicciones conductuales. |
| 650 #4 - PUNTO DE ACCESO ADICIONAL DE MATERIA--TÉRMINO DE MATERIA |
| Término de materia o nombre geográfico como elemento de entrada |
Farmacología |
| 9 (RLIN) |
12725 |
| 650 #4 - PUNTO DE ACCESO ADICIONAL DE MATERIA--TÉRMINO DE MATERIA |
| Término de materia o nombre geográfico como elemento de entrada |
Drogas |
| 9 (RLIN) |
11977 |
| 700 ## - ENTRADA AGREGADA--NOMBRE PERSONAL |
| Nombre de persona |
Colado Megía, María Isabel |
| 9 (RLIN) |
234587 |
| 700 0# - ENTRADA AGREGADA--NOMBRE PERSONAL |
| Nombre de persona |
Alguacil Merino, Luis Fernando |
| 9 (RLIN) |
19905 |
| 852 ## - LOCALIZACIÓN |
| Ubicación |
ES-MaACL |
| itemnumber |
200861 |
| Número de control de estantería |
N-8774 |
| Ubicación en estantería |
Depósito J |
| Anotaciones manuscritas |
Dedicatoria autógrafa de Luis F. Alguacil |
| Donativo/Legado |
Donación: Luis F. Alguacil |
| Encuadernación |
Rústica con solapas |
| Nota libre |
En proceso |
| 903 ## - NOMBRE PERSONAL DE DONANTE |
| 9 |
19905 |
| a |
Alguacil Merino, Luis Fernando |
| e |
Donante |
| 942 ## - ELEMENTOS DE ENTRADA SECUNDARIOS (KOHA) |
| Suprimir en OPAC |
No |
| Tipo de ítem Koha |
Libro impreso |